The sociological review

Saved in:  
Bibliographic Details
Subtitles:Sociological review monograph
Format: Electronic Journal
Language:English
Subito Delivery Service: Order now.
Check availability: HBZ Gateway
WorldCat: WorldCat
Interlibrary Loan:Für eine Fernleihe wählen Sie bitte zuerst einen Band oder Aufsatz aus.
Published: Thousand Oaks, Calif. Sage 1908-
Oxford Blackwell Publ. -2008
Oxford Wiley-Blackwell -2016
In:Year: 1908
Standardized Subjects / Keyword chains:B Sociology
Further subjects:B Sociology
B Journal
Online Access: Volltext (Frontdoor-Url)
Volltext (Resolving-System)
Volltext (Publisher)
Volltext (Verlag; 1.1908 - 44.1952; N.S. 1.1953 - 64.2016)
Parallel Edition:Non-electronic

MARC

LEADER 00000cas a2200000 c 4500
001 30059223X
003 DE-627
005 20251107173520.0
007 cr |||||||||||
008 990728c19089999xxuz| p|o 0 |0eng c
016 7 |a 01975664X  |2 DE-101 
016 7 |a 1482764-5  |2 DE-600 
022 |a 1467-954X  |l 0038-0261 
024 7 |a 10.1111/(ISSN)1467-954X  |2 doi 
035 |a (DE-627)30059223X 
035 |a (DE-576)07899313X 
035 |a (DE-599)ZDB1482764-5 
035 |a (OCoLC)863020322 
040 |a DE-627  |b ger  |c DE-627  |e rakwb 
041 |a eng 
044 |c XD-US 
082 0 4 |a 300  |q DE-600 
084 |a 71.00  |2 bkl 
084 |a 79.00  |2 bkl 
210 1 0 |a Soc R 
210 1 0 |a Socio R 
210 1 0 |a Sociol R 
210 1 0 |a Sociol Rev 
210 1 0 |a Sociological R 
245 0 4 |a The sociological review 
246 3 3 |a Sociological review monograph 
264 3 1 |a Thousand Oaks, Calif.  |b Sage  |c 1908- 
264 1 |a Oxford  |b Blackwell Publ.  |c -2008 
264 2 1 |a Oxford  |b Wiley-Blackwell  |c -2016 
300 |a Online-Ressource 
336 |a Text  |b txt  |2 rdacontent 
337 |a Computermedien  |b c  |2 rdamedia 
338 |a Online-Ressource  |b cr  |2 rdacarrier 
362 0 |a 1.1908 - 44.1952; N.S. 1.1953 - 
363 0 1 |a 1  |i 1908 
363 1 0 |i 1952  |a 44 
500 |a Ungezählte Beilage 1997-2015: Sociological Review monograph 
500 |a Gesehen am 08.04.20 
591 |a 12!URL-Ä(08-04-20) 
650 7 |8 1.1\x  |a Soziologie  |0 (DE-627)091390648  |0 (DE-2867)16564-2  |2 stw 
655 7 |a Zeitschrift  |0 (DE-588)4067488-5  |0 (DE-627)10454466X  |0 (DE-576)20917000X  |2 gnd-content 
689 0 0 |d s  |0 (DE-588)4077624-4  |0 (DE-627)104152036  |0 (DE-576)209205849  |2 gnd  |a Soziologie 
689 0 |5 (DE-627) 
776 1 |x 0038-0261 
776 0 8 |i Erscheint auch als  |n Druck-Ausgabe  |t The sociological review  |d London : Sage Publications Ltd, 1908  |w (DE-627)129509612  |w (DE-600)209926-3  |w (DE-576)014916339  |x 0038-0261  |k Non-Electronic 
856 4 0 |u https://doi.org/10.1111/(ISSN)1467-954X  |x Resolving-System  |7 1 
856 4 0 |u https://ezb.ur.de/?1482764-5  |x Frontdoor-Url  |7 1 
856 4 0 |u https://journals.sagepub.com/home/SOR  |x Verlag  |7 1 
856 4 0 |u https://onlinelibrary.wiley.com/journal/1467954X  |x Verlag; 1.1908 - 44.1952; N.S. 1.1953 - 64.2016  |7 1 
912 |a ZDB-1-SAGK3 
912 |a ZDB-1-SAGH3 
936 b k |a 71.00  |j Soziologie: Allgemeines  |0 (DE-627)106423444 
936 b k |a 79.00  |j Sozialpädagogik  |j Sozialarbeit: Allgemeines  |0 (DE-627)106421271 
938 1 0 |0 (DE-627)1756178089  |0 (DE-615)6608640  |a Soziologie  |2 fivt 
951 |a JT 
ACO |a 1 
ELC |a 1 
ITA |a 1  |t 1 
LOK |0 000 xxxxxcy a22 3n 4500 
LOK |0 001 296819318X 
LOK |0 003 DE-627 
LOK |0 004 30059223X 
LOK |0 005 20240516120239 
LOK |0 007 ccruuuuuuuuuuuu 
LOK |0 008 170429||||||||||||||||ger||||||| 
LOK |0 035   |a (DE-600)404351220 
LOK |0 040   |a DE-21  |c DE-627  |d DE-21 
LOK |0 092   |o k  |p n 
LOK |0 093   |e Volltext online u. Druckausg.  |f Konsortiallizenz  |g Kostenpflichtig 
LOK |0 852   |a DE-21 
LOK |0 852 1  |9 00 
LOK |0 85640  |u https://ezb.ur.de/detail.phtml?bibid=UBTUE&jour_id=4064  |x EZB 
LOK |0 85900  |8 1.1  |a 45  |i 1997 
LOK |0 85910  |8 1.2  |a 64  |i 2016 
LOK |0 866   |x Wiley Archivkollektion Landeslizenz BaWü 
LOK |0 86630  |a 45.1997 - 64.2016 
LOK |0 912   |a wileyarchiv_lbw 
LOK |0 935   |a cofz  |a zezb 
LOK |0 938   |l Volltext online u. Druckausg.  |8 0 
LOK |0 938   |l Konsortiallizenz  |8 1 
LOK |0 938   |l Kostenpflichtig  |8 2 
LOK |0 939   |a 30-10-18  |b zez 
LOK |0 000 xxxxxcy a22 3n 4500 
LOK |0 001 3868339612 
LOK |0 003 DE-627 
LOK |0 004 30059223X 
LOK |0 005 20240413072827 
LOK |0 007 ccruuuuuuuuuuuu 
LOK |0 008 210219||||||||||||||||ger||||||| 
LOK |0 035   |a (DE-600)714999490 
LOK |0 040   |a DE-21  |c DE-627  |d DE-21 
LOK |0 092   |o k  |p n 
LOK |0 093   |e Volltext online u. Druckausg.  |f Konsortiallizenz  |g Kostenpflichtig 
LOK |0 852   |a DE-21 
LOK |0 852 1  |9 00 
LOK |0 85640  |u https://ezb.ur.de/detail.phtml?bibid=UBTUE&jour_id=4064  |x EZB 
LOK |0 85901  |8 1.1  |a 47  |i 1999 
LOK |0 866   |x Nationalkonsortium 
LOK |0 86630  |a 47.1999 - 
LOK |0 935   |a cofz  |a zezb 
LOK |0 938   |l Volltext online u. Druckausg.  |8 0 
LOK |0 938   |l Konsortiallizenz  |8 1 
LOK |0 938   |l Kostenpflichtig  |8 2 
LOK |0 939   |a 05-02-21  |b zez 
ORI |a SA-MARC-ixtheob001.raw 
REL |a 1 
SPR |a 1  |t IXT 
STA 0 0 |a Sociology 
STB 0 0 |a Sociologie 
STC 0 0 |a Sociología 
STD 0 0 |a Sociologia 
STE 0 0 |a 社会学 
STF 0 0 |a 社會學 
STG 0 0 |a Sociologia 
STH 0 0 |a Социология 
STI 0 0 |a Κοινωνιολογία 
SUB |a REL 
SYE 0 0 |a Allgemeine Soziologie,Gesellschaftslehre,Gesellschaft,Gesellschaftstheorie,Sozialtheorie,Soziallehre 
SYG 0 0 |a Allgemeine Soziologie,Gesellschaftslehre,Gesellschaft,Gesellschaftstheorie,Sozialtheorie,Soziallehre